000 00265nam a2200097Ia 4500
001 1165342
005 20250827011738.0
008 250824s9999 xx 000 0 und d
245 0 _aUSTA BİR ŞİFACININ KADİM SIRLARI
_cCLİNT G. ROGERS
260 _bDESTEK YAYINLARI
999 _c1165342
_d1165342